| 000 | 01508nam0a2200385 4500 | ||
|---|---|---|---|
| 001 | RU\NLR\bibl\140853 | ||
| 005 | 20260406030434.0 | ||
| 010 |
_a5-17-003214-5 _bАСТ |
||
| 010 |
_a5-7921-0303-8 _bTF _920000 |
||
| 021 |
_aRU _b2000-51434 _92369 |
||
| 035 | _a(NLR Aleph) 000137984 | ||
| 090 |
_a789147 _c789147 |
||
| 100 | _a20010216d2000 |||y0rusy50 ca | ||
| 101 | 1 | _arus | |
| 102 | _aRU | ||
| 105 | _ay ||||||||| | ||
| 200 | 1 |
_aНеотразимый _e[Сб. _fАвт. рус. версии А. Легостаев и др.] |
|
| 210 |
_aМ. _cАСТ _aСПб _cTerra Fantastica _d2000 |
||
| 215 |
_a283,[1] с. _d17 |
||
| 225 | 1 |
_aСекретные материалы _dThe X-files _vВып. 23 |
|
| 300 | _aНа основе телесериала Криса Картера "Секретные материалы" | ||
| 327 | 1 | _aСодерж.: Файл N° 212. Обри; Файл N° 213. Неотразимый; Файл N° 214. Длань наказующая | |
| 610 | 0 | _aНаучно-фантастические романы и рассказы (х. л.) | |
| 675 |
_a821.111(73)-31 _v3 _zrus |
||
| 686 |
_a17.82 _2rugasnti |
||
| 686 |
_a84(7Сое)-44 _2rubbk |
||
| 686 | _aШ6(2=Р)75-445 | ||
| 702 | 1 |
_4010 _8rus _7ca _aЛегостаев _bА. _f1961-2012 _gАндрей _3RU\NLR\AUTH\77722 _9110762 |
|
| 801 | 0 |
_aRU _bRKP _c20010216 _gPSBO |
|
| 801 | 1 |
_aRU _bRKP _c20010216 |
|
| 801 | 2 |
_aRU _bNLR _c20010405 _grcr |
|
| 942 | _cBOOK | ||
| 980 | _aNB | ||